The Oxford 3000 - Letter L - Translate from Polish to English - Statystyki

Ogólne statystyki
  • Ten quiz został rozwiązany 33 razy
  • Średni wynik to 70 z 104
Statystyki odpowiedzi
Polish Angielski % Poprawnych
język(np. Angielski) language
100%
laptop laptop
100%
lewy; w lewo; na lewo; lewica left
100%
noga leg
100%
laboratorium lab
94%
śmiech; śmiać się laugh
94%
prawo; ustawa law
94%
prawnik; adwokat lawyer
94%
cytryna lemon
94%
życie; żywot life
94%
lubić; jak; tak jak like
94%
linia; lina; wiersz; pokrywać wnętrze materiałem; ustawiać wzdłuż line
94%
dama; pani lady
88%
jezioro lake
88%
lampa lamp
88%
ostatni; końcowy; ostatnio; ostatnim razem; trwać; koniec last
88%
legalny; prawny legal
88%
lekcja lesson
88%
biblioteka library
88%
leżeć; kłamać; kłamstwo lie
88%
ograniczać; ograniczenie; limit; limitować limit
88%
ograniczony; limitowany limited
88%
lew lion
88%
żywy; na żywo; żyć; mieszkać live
88%
lokalny; miejscowy local
88%
długi; długo long
88%
patrzeć; wyglądać; spojrzenie; wygląd look
88%
zaginiony; zagubiony; stracony lost
88%
miłość; zamiłowanie; kochać; miłować love
88%
ląd; teren; kraina; ziemia; lądować land
82%
późny; spóźniony; późno; do późna late
82%
uczyć się; dowiedzieć się; poznawać coś learn
82%
styl życia lifestyle
82%
lekki; jasny; światło; oświetlenie; zapalać light
82%
lista; wykaz; sporządzać listę / wymieniać coś na liście list
82%
słuchać; posłuchać listen
82%
mały; trochę; nieco; odrobina little
82%
pan; lord lord
82%
krajobraz; pejzaż landscape
76%
lider; przywódca leader
76%
liga league
76%
list; litera letter
76%
warga lip
76%
logiczny logical
76%
stracić; zgubić; przegrać lose
76%
mający szczęście lucky
76%
obiad; posiłek popołudniowy lunch
76%
duży; wielki large
71%
leniwy lazy
71%
poziom; poziomy; wyrównany; równać level
71%
powiązać; połączyć; łączyć; łącze; link link
71%
literatura literature
71%
samotny lonely
71%
laboratorium; pracownia laboratory
65%
nauka learning
65%
skóra(np. krowy) leather
65%
zostawić; pozostawić; opuszczać; urlop; opuszczenie leave
65%
pozwalać; niech let
65%
licencja; pozwolenie license
65%
słuchacz listener
65%
zamek(np. drzwi); blokada; zablokować; zamknąć lock
65%
szczęście; traf luck
65%
luksus; przepych luxury
65%
później; późniejszy later
59%
najnowszy; najnowsze informacje latest
59%
położyć; ułożyć; kłaść lay
59%
liść; listek leaf
59%
głośny; donośny loud
59%
śliczny; uroczy lovely
59%
przywództwo leadership
53%
wiodący; czołowy; prowadzący leading
53%
wykład; wykładać; prowadzić wykład lecture
53%
pożyczać(komuś) lend
53%
długość length
53%
prawdopodobny likely
53%
płyn; ciecz; płynny; ciekły liquid
53%
żyjący; życie living
53%
ładunek; obciążenie; załadować; wczytać; ładować load
53%
niski; nisko; depresja low
53%
płuco lung
53%
etykieta; etykietować label
47%
brak; niedostatek; brakować lack
47%
przewodzić; prowadzić; doprowadzać; ołów lead
47%
mniej; mniejszy less
47%
podnosić lift
47%
pełen życia; żywiołowy lively
47%
zlokalizowany; usytuowany; ulokowany located
47%
obniżać; zmniejszać lower
47%
uruchomić; wodować; uruchomienie; szalupa launch
41%
warstwa; powłoka layer
41%
pochylać się lean
41%
pożyczka loan
41%
zlokalizować; ulokować; ustytuować locate
41%
lokalizacja; położenie location
41%
głośno; hałaśliwie loudly
41%
liczny; wielokrotnie; wiele; dużo; sporo; mnóstwo lot
35%
najmniej; najmniejszy least
29%
strata; utrata loss
29%
praca; robocizna; harować; zapierdalać labor
24%
wypoczynek; odpoczynek; rekreacyjny; wypoczynkowy leisure
24%
długoterminowy; długookresowy; długoterminowo; długookresowo; długofalowy; długofalowo long-term
24%
luźny; sypki loose
24%
w dużej mierze; w znacznym stopniu; głównie largely
18%
śmiech; śmianie się laughter
18%
Nie znaleziono quizów pasujących do podanych kryteriów
Rozkład punktacji
Procent ludzi z każdym wynikiem
Percentyl według liczby udzielonych odpowiedzi
Twoja historia wyników
Nie rozwiązałeś tego quizu